000 00618nam a2200229Ia 4500
003 OSt
005 20230502122810.0
008 210423s2012 xx 000 0 und d
020 _a9788121902984
040 _cAL
041 _aeng
082 _a338.954
_223
_b DATG
100 _aDATT (Gaurav);MAHAJAN (Ashwani)
_995972
245 _aDatt and sundharam Indian eonomy
260 _aNew Delhi
_bS Chand & Company Ltd
_c2012
300 _axvi,1033
_bPB
365 _b650
_cINR
650 _aEconomics
_995973
650 _aIndian Economy
_995974
906 _aDatt ; eonomy ; Indian ; sundharam
942 _2ddc
_cBK
999 _c161457
_d161457